[Event "Yerevan op"]
[Site "Yerevan"]
[Date "1996.??.??"]
[Round "6"]
[White "Kasrashvili, Alexandre"]
[Black "Matveeva, Svetlana"]
[Result "1/2-1/2"]
[WhiteElo "2255"]
[BlackElo "2445"]
[PlyCount "118"]
[EventDate "1996.??.??"]
[EventType "swiss"]
[EventRounds "11"]
[EventCountry "ARM"]
[SourceTitle "CBM 052 Extra"]
[Source "ChessBase"]
[SourceDate "1996.07.01"]
[SourceVersion "1"]
[SourceVersionDate "1996.07.01"]
[SourceQuality "1"]

1. e4 e6 2. Nf3 d5 3. Nc3 Nf6 4. e5 Nfd7 5. d4 c5 6. dxc5 Nc6 7. Bf4 Nxc5 8. Be2 a6 9. 0-0 Be7 10. Re1 d4 11. Nb1 g5 12. Bc1 g4 13. Nfd2 h5 14. Bf1 b5 15. Nb3 Nxb3 16. axb3 Bb7 17. Na3 Qc7 18. Bf4 0-0-0 19. Bd3 Kb8 20. Be4 Nb4 21. Bxb7 Qxb7 22. Bd2 Rhg8 23. Bxb4 Bxb4 24. Re2 h4 25. Qd3 h3 26. Qe4 d3 27. cxd3 Rxd3 28. Nc2 Bc5 29. b4 Bb6 30. Ne1 Rd4 31. Qxb7+ Kxb7 32. Ra3 Rxb4 33. Rg3 hxg2 34. Kxg2 Rd8 35. f3 gxf3+ 36. Nxf3 Rd1 37. h4 Rd8 38. Rg7 Rf4 39. Kg3 Rf5 40. Kg4 Rd3 41. Ng5 Rd4+ 42. Kg3 Bd8 43. Nxe6 Bxh4+ 44. Kh3 Rc4 45. Rd2 Kb6 46. Rd6+ Ka5 47. Nd4 Rh5 48. Kg4 Be7 49. Kxh5 Bxd6 50. Nf3 Rc5 51. Rg5 Bc7 52. Kh6 Rc2 53. Rf5 Rxb2 54. Rxf7 Rf2 55. e6 Bd6 56. Kg6 b4 57. Rd7 Rxf3 58. Rxd6 Re3 59. Kf7 b3 1/2-1/2